000 00602nam a2200241 a 4500
001 nice12345678
003 IN_TiNIC
005 20260116014232.0
008 050524s2010 dela grp 000 0 eng
020 _a8188789666
_c375
082 0 0 _a980
_bGAL
100 _aGaleano, Eduardo
245 _aOpen Veins of Latin America
260 _aDelhi
_bThree Essays
_c2010
300 _a317p
500 _aincludes index and biblioraphy
505 2 _aReferences, Index
650 _aLatin America-Politics
700 1 _aGaleano, Eduardo
902 _bSRS
942 _cBK
999 _c14452
_d14452